| 000 | 01218cam a2200337 i 4500 | ||
|---|---|---|---|
| 001 | 17628925 | ||
| 003 | EG-ScBUE | ||
| 005 | 20211216141810.0 | ||
| 008 | 130216t2012 nyua f bf 001 0 eng d | ||
| 020 | _a9780071782067 (softcover : alk. paper) | ||
| 020 | _a0071782060 | ||
| 040 |
_aDLC _beng _erda _cDLC _dEG-ScBUE |
||
| 082 | 0 | 4 |
_a721 _bGUT _222 |
| 100 | 1 |
_aGuthrie, Pat, _eauthor. |
|
| 245 | 1 | 0 |
_aInterior designer's portable handbook : _bfirst-step rules of thumb for the design of interiors / _cPat Guthrie, architect. |
| 250 | _aThird edition. | ||
| 264 | 1 |
_aNew York : _bMcGraw-Hill, _c[2012] |
|
| 264 | 4 | _cc2012 | |
| 300 |
_axix, 537 pages : _billustrations ; _c21 cm |
||
| 336 |
_atext _2rdacontent _btxt |
||
| 337 |
_aunmediated _2rdamedia _bn |
||
| 338 |
_avolume _2rdacarrier _bnc |
||
| 504 | _aIncludes bibliographical references and index. | ||
| 650 | 7 |
_aInterior decoration _vHandbooks, manuals, etc. _2BUEsh _941532 |
|
| 650 | 7 |
_aArchitectural design _vHandbooks, manuals, etc. _2BUEsh |
|
| 653 |
_bART _cDecember2021 |
||
| 655 |
_vReading book _934232 |
||
| 906 |
_a7 _bcbc _corigcop _d2 _encip _f20 _gy-gencatlg |
||
| 942 |
_2ddc _cBB |
||
| 999 |
_c29718 _d29689 |
||